Does Foreign Direct Investment Increase Business R&D Expenditures in Host Countries?

V súčasných obdobiach viacerých kríz sa ekonomiky snažia nájsť cestu k rozvoju. Jednou z možností sú investície do výskumu a vývoja (VaV). Rozvíjajúce sa ekonomiky však majú často obmedzené zdroje, takže sa spoliehajú na stimuláciu VaV prostredníctvom prílevu priamych zahraničných investícií. Otázko...

Ausführliche Beschreibung

Gespeichert in:
Bibliographische Detailangaben
1. Verfasser: Steinhauser, Dušan, 1988-
Format: Buchkapitel
Sprache:Englisch
Schlagworte:
Tags: Tag hinzufügen
Keine Tags, Fügen Sie das erste Tag hinzu!

MARC

LEADER 00000naa a2200000 4500
001 0313785
005 20260102102815.0
041 0 |a eng 
044 |a CZ 
245 1 0 |a Does Foreign Direct Investment Increase Business R&D Expenditures in Host Countries?  |c Dušan Steinhauser 
520 |a V súčasných obdobiach viacerých kríz sa ekonomiky snažia nájsť cestu k rozvoju. Jednou z možností sú investície do výskumu a vývoja (VaV). Rozvíjajúce sa ekonomiky však majú často obmedzené zdroje, takže sa spoliehajú na stimuláciu VaV prostredníctvom prílevu priamych zahraničných investícií. Otázkou zostáva účinnosť tejto cesty. Na metodologické preskúmanie tejto otázky bola použitá panelová regresná analýza s fixnými efektmi. Prezentovaný výskum bol inšpirovaný empirickým zistením, že korelácia medzi prílevom priamych zahraničných investícií a výdavkami podnikov na výskum a vývoj (BERD) nebola v krajinách EÚ preukázaná. Avšak 11 nových členov EÚ ukázalo, že prílev priamych zahraničných investícií ovplyvňuje BERD iba vo výrobnom sektore. 
610 2 0 |a výskum 
610 2 0 |a investície priame zahraničné 
610 2 0 |a rozvoj hospodársky 
610 2 0 |a obchod medzinárodný 
610 2 0 |a podnik 
100 1 |a Steinhauser, Dušan, 1988-